Small groups and village development / (Record no. 64966)

MARC details
000 -LEADER
fixed length control field 00430nam a22001457a 4500
005 - DATE AND TIME OF LATEST TRANSACTION
control field 20180809122306.0
020 ## - INTERNATIONAL STANDARD BOOK NUMBER
International Standard Book Number 8175100869
Terms of availability 150.00
035 ## - SYSTEM CONTROL NUMBER
System control number A-934432, A-934433
037 ## - SOURCE OF ACQUISITION
Stock number DPL
Source of stock number/acquisition ENG
100 ## - MAIN ENTRY--PERSONAL NAME
Personal name Narain, M.K.
245 ## - TITLE STATEMENT
Title Small groups and village development /
Statement of responsibility, etc by M.K. Narain
260 ## - PUBLICATION, DISTRIBUTION, ETC. (IMPRINT)
Place of publication, distribution, etc New Delhi
Name of publisher, distributor, etc Reliance Publishing House
Date of publication, distribution, etc 1998
300 ## - PHYSICAL DESCRIPTION
Extent xi, 125p.
Dimensions 18 cms.
942 ## - ADDED ENTRY ELEMENTS (KOHA)
Source of classification or shelving scheme Dewey Decimal Classification
Item type English Books
Classification part 302.3
Call number suffix NAR
Holdings
Withdrawn status Lost status Not for loan Collection code Home library Current library Date acquired Cost, normal purchase price Full call number Barcode Cost, replacement price Koha item type Source of acquisition
      Non-fiction Sarojini Nagar Sarojini Nagar 13/04/2012 150.00 302.3 NAR A-934432 150.00 English Books  
      Non-fiction Shahdara Branch Shahdara Branch 09/08/2018 150.00 302.3 NAR A-934433 150.00 English Books BPPD/PUB

© Delhi Public Library
Hit Counter
free hit counter